000 01388nam a2200373 i 4500
001 197077
003 SpMaBN
005 20250824052205.0
008 250201s2024 sp | |||| 000 d spa
015 _aMON24
017 _aM 18898-2024
_bOficina Depósito Legal Madrid
020 _a9788419047472
040 _aSpMaBN
_bspa
_cSpMaBN
_erda
080 _a821.134.2-2"19"
100 1 _aGómez-Arcos, Agustín,
_d1933-1998
_9239932
_eaut
243 1 0 _aTeatro
245 1 0 _aTeatro :
_bobra completa /
_cAgustín Gómez Arcos ; editores, Miguel Lázaro García, David Martín Copé.
250 _aPrimera edición: septiembre 2024
264 1 _a[Barcelona] :
_bCabaret Voltaire,
_c2024.
264 4 _c©2024
300 _a985 páginas ;
_c21 cm.
336 _aTexto
_2rdacontent
337 _asin mediación
_2rdamedia
338 _avolumen
_2rdacarrier
655 0 _aTeatro
_9234794
700 _aLázaro García, Miguel
_9239933
_epbl
700 _aCopé, David M
_9239934
_epbl
852 _aES-MaACL
_cDEPOJ
_jN-10512
_hDonación: José Lázaro García
_xEncuadernación rústica con solapas
_9206635
903 _9234219
_aLázaro García, José
_ednr
942 _cMONOGRAFIA
_n0
999 _c197077
_d197077